Music Quiz

Random Music or Song Quiz

Quotes About Songs Quiz Stats

 Plays Quiz Updated Dec 23, 2014

Also try: Opening Lyrics
Challenge
Share
Tweet
Embed
Score 0/15 Timer 06:00
3 Plays Today
Song % Correct
Bohemian Rhapsody
89.5%
Mrs. Robinson
83.1%
Lucy in the Sky with Diamonds
74%
Blinded by the Light
67.4%
Puff the Magic Dragon
65.8%
Hey Jude
58.8%
We Are the World
57.9%
Lola
56.6%
Song % Correct
(Don't Fear) The Reaper
56.2%
Money for Nothing
47.8%
Sweet Home Alabama
46.8%
My Sweet Lord
40.1%
All Along the Watchtower
25.3%
Ode to Billie Joe
23.9%
Garden Party
22.4%

You're not logged in!

Compare scores with friends on all Sporcle quizzes.
OR
Log In

You Might Also Like...

Show Comments

Extras

Top Quizzes Today


Score Distribution

Your Account Isn't Verified!

In order to create a playlist on Sporcle, you need to verify the email address you used during registration. Go to your Sporcle Settings to finish the process.

Report this User

Report this user for behavior that violates our Community Guidelines.

Details: